[Event "GER-ch Net Amateur Gr-B Vor2"]
[Site "Playchess.com INT"]
[Date "2020.04.15"]
[Round "6"]
[White "Guder, Sibylle"]
[Black "Emig, Nils"]
[Result "1-0"]
[WhiteElo "1817"]
[BlackElo "1704"]
[PlyCount "91"]
[EventDate "2020.04.15"]
[EventType "swiss (blitz)"]
[EventRounds "9"]
[EventCountry "GER"]
[SourceTitle "CBM 196 Extra"]
[Source "ChessBase"]
[SourceDate "2020.07.31"]
[SourceVersion "1"]
[SourceVersionDate "2020.07.31"]
[SourceQuality "1"]

1. Nf3 Nf6 2. c4 g6 3. g3 d6 4. Bg2 Bg7 5. 0-0 0-0 6. Nc3 Nc6 7. Rb1 Nd7 8. b4 e5 9. b5 Ne7 10. a4 f5 11. Qc2 h6 12. d3 g5 13. a5 Nf6 14. a6 Rb8 15. axb7 Bxb7 16. Ra1 g4 17. Nh4 Bxg2 18. Kxg2 Ra8 19. e4 f4 20. gxf4 exf4 21. Bxf4 Nxe4 22. dxe4 Rxf4 23. Qd2 Rf6 24. Nd5 Nxd5 25. cxd5 Rf8 26. Nf5 Bxa1 27. Rxa1 Rxf5 28. exf5 Qh4 29. Qf4 h5 30. Re1 Rf8 31. Re6 Rf6 32. Re8+ Rf8 33. Re6 Rf6 34. Qe4 Qg5 35. Re8+ Rf8 36. Qe6+ Kg7 37. Re7+ Kh8 38. Rxc7 h4 39. Qg6 h3+ 40. Kg3 Qxg6 41. fxg6 Rg8 42. Rxa7 Rxg6 43. b6 Rg5 44. b7 Rg8 45. Ra8 Kg7 46. Rxg8+ 1-0

[Event "GER-ch Net Amateur Gr-B Vor1"]
[Site "Playchess.com INT"]
[Date "2020.04.14"]
[Round "7"]
[White "Bigalke, Moritz"]
[Black "Emig, Nils"]
[Result "1-0"]
[WhiteElo "1636"]
[BlackElo "1668"]
[PlyCount "73"]
[EventDate "2020.04.14"]
[EventType "swiss (blitz)"]
[EventRounds "9"]
[EventCountry "GER"]
[SourceTitle "EXT 2021"]
[Source "ChessBase"]
[SourceDate "2020.10.23"]
[SourceVersion "1"]
[SourceVersionDate "2020.10.23"]
[SourceQuality "1"]

1. e4 c5 2. Nf3 e6 3. Bc4 Nc6 4. Nc3 Qc7 5. d3 a6 6. a4 Nf6 7. Bb3 Be7 8. 0-0 Ng4 9. h3 h5 10. Ne2 b6 11. Bf4 Bd6 12. Bg3 Bxg3 13. Nxg3 Nxf2 14. Kxf2 Bb7 15. c3 Ne7 16. d4 h4 17. Nh1 Bxe4 18. Kg1 Nf5 19. Nf2 Bb7 20. Ng4 0-0-0 21. Nge5 Ne3 22. Qe2 Nxf1 23. Rxf1 d6 24. Nxf7 d5 25. Qxe6+ Kb8 26. Nxh8 Rxh8 27. Bxd5 cxd4 28. Nxd4 Rd8 29. Bxb7 Qxb7 30. Qe5+ Ka8 31. Qe6 Rb8 32. Rf7 Qc8 33. Qd5+ Rb7 34. Qxb7+ Qxb7 35. Rxb7 Kxb7 36. Nf5 g6 37. Nxh4 1-0

[Event "GER-ch Net Amateur Gr-B Vor1"]
[Site "Playchess.com INT"]
[Date "2020.04.14"]
[Round "6"]
[White "Emig, Nils"]
[Black "Hoppe, Frank"]
[Result "1-0"]
[WhiteElo "1643"]
[BlackElo "1814"]
[PlyCount "71"]
[EventDate "2020.04.14"]
[EventType "swiss (blitz)"]
[EventRounds "9"]
[EventCountry "GER"]
[SourceTitle "EXT 2021"]
[Source "ChessBase"]
[SourceDate "2020.10.23"]
[SourceVersion "1"]
[SourceVersionDate "2020.10.23"]
[SourceQuality "1"]

1. e4 e5 2. Nf3 Nf6 3. Nc3 Nc6 4. d4 exd4 5. Nxd4 d6 6. Be3 Be7 7. f3 0-0 8. Qd2 Bd7 9. 0-0-0 a6 10. g4 Ne5 11. Be2 c5 12. Nf5 Bxf5 13. gxf5 b5 14. Rhg1 b4 15. Nd5 Nxd5 16. Qxd5 Kh8 17. Kb1 f6 18. f4 Nd7 19. Bc4 Nb6 20. Qd3 Nxc4 21. Qxc4 Qc7 22. Rg3 Rfc8 23. Rh1 Bf8 24. Rhg1 Qe7 25. Rd1 a5 26. h4 a4 27. h5 h6 28. Rdg1 Re8 29. Rg6 Kh7 30. e5 dxe5 31. fxe5 fxe5 32. Qe4 Qf7 33. f6 Kh8 34. fxg7+ Bxg7 35. Rxg7 Qxh5 36. Qh7# 1-0

[Event "GER-ch Net Amateur Gr-B Vor1"]
[Site "Playchess.com INT"]
[Date "2020.04.14"]
[Round "4"]
[White "Haubold, Christian Lucas"]
[Black "Emig, Nils"]
[Result "0-1"]
[WhiteElo "1591"]
[BlackElo "1609"]
[PlyCount "136"]
[EventDate "2020.04.14"]
[EventType "swiss (blitz)"]
[EventRounds "9"]
[EventCountry "GER"]
[SourceTitle "EXT 2021"]
[Source "ChessBase"]
[SourceDate "2020.10.23"]
[SourceVersion "1"]
[SourceVersionDate "2020.10.23"]
[SourceQuality "1"]

1. e4 c5 2. Nf3 e6 3. d4 cxd4 4. Nxd4 Nc6 5. Nc3 Qc7 6. Be3 a6 7. f3 Nf6 8. Qd2 Bb4 9. a3 Be7 10. Bd3 b5 11. h4 Bb7 12. h5 h6 13. g4 Ne5 14. Rf1 Nc4 15. Bxc4 bxc4 16. Qe2 d5 17. exd5 Nxd5 18. Nxd5 Bxd5 19. c3 Rb8 20. f4 Qb7 21. Rf2 Bh4 22. Rb1 Be4 23. Rd1 Qxb2 24. Qxb2 Rxb2 25. Kf1 Bxf2 26. Bxf2 Bd3+ 27. Kg1 0-0 28. g5 hxg5 29. fxg5 Ra2 30. Nc6 Rxa3 31. Bc5 Rxc3 32. Bxf8 Kxf8 33. Nb4 Ra3 34. Kf2 a5 35. Nxd3 Rxd3 36. Rxd3 cxd3 37. Ke3 a4 38. Kxd3 Kg8 39. Kc4 Kh7 40. Kb4 f6 41. gxf6 gxf6 42. Kxa4 Kh6 43. Kb4 Kxh5 44. Kc4 Kg5 45. Kd3 Kf4 46. Ke2 e5 47. Kf2 f5 48. Ke2 Kg3 49. Kf1 e4 50. Kg1 f4 51. Kf1 e3 52. Ke1 f3 53. Kf1 f2 54. Ke2 Kg2 55. Kxe3 f1Q 56. Ke4 Qf2 57. Ke5 Qf3 58. Kd4 Kf2 59. Ke5 Ke3 60. Kd6 Qf5 61. Kc6 Kd4 62. Kd6 Qe5+ 63. Kc6 Qd5+ 64. Kb6 Qc5+ 65. Kb7 Kd5 66. Ka6 Qb4 67. Ka7 Kc6 68. Ka8 Qb7# 0-1

[Event "GER-ch Net blitz qual4"]
[Site "Playchess.com INT"]
[Date "2020.03.23"]
[Round "2"]
[White "Grafl, Florian"]
[Black "Emig, Nils"]
[Result "1-0"]
[WhiteElo "2353"]
[BlackElo "1832"]
[PlyCount "67"]
[EventDate "2020.03.23"]
[EventType "swiss (blitz)"]
[EventRounds "9"]
[EventCountry "GER"]
[SourceTitle "CBM 195 Extra"]
[Source "ChessBase"]
[SourceDate "2020.05.31"]
[SourceVersion "1"]
[SourceVersionDate "2020.05.31"]
[SourceQuality "1"]

1. Nc3 Nf6 2. g4 Nxg4 3. e4 Nf6 4. e5 Ng8 5. d4 d6 6. Nf3 e6 7. Bd3 d5 8. Be3 Nd7 9. Rg1 c5 10. Bg5 Qb6 11. Bb5 a6 12. Bxd7+ Bxd7 13. Qd2 Ne7 14. dxc5 Qxc5 15. 0-0-0 b5 16. Kb1 Rc8 17. Ne2 Nf5 18. Ned4 Nxd4 19. Nxd4 Qc7 20. f4 Bc5 21. Bh4 Bxd4 22. Qxd4 Qxc2+ 23. Ka1 Rc4 24. Qa7 Rb4 25. Rb1 0-0 26. Qxd7 Ra4 27. Qe7 b4 28. Rxg7+ Kxg7 29. Rg1+ Qg6 30. Rxg6+ hxg6 31. b3 Ra5 32. Bf6+ Kg8 33. Qxb4 Rb5 34. Qc3 1-0

[Event "GER-ch Net blitz qual4"]
[Site "Playchess.com INT"]
[Date "2020.03.23"]
[Round "6"]
[White "Melde, Volker"]
[Black "Emig, Nils"]
[Result "1/2-1/2"]
[WhiteElo "1880"]
[BlackElo "1832"]
[PlyCount "106"]
[EventDate "2020.03.23"]
[EventType "swiss (blitz)"]
[EventRounds "9"]
[EventCountry "GER"]
[SourceTitle "CBM 195 Extra"]
[Source "ChessBase"]
[SourceDate "2020.05.31"]
[SourceVersion "1"]
[SourceVersionDate "2020.05.31"]
[SourceQuality "1"]

1. d4 Nf6 2. Nf3 g6 3. Bf4 d6 4. c3 Bg7 5. h3 Nc6 6. e3 Nd7 7. Nbd2 e5 8. dxe5 Ndxe5 9. Nxe5 Nxe5 10. Be2 0-0 11. 0-0 h6 12. Bh2 Kh7 13. Nc4 Nxc4 14. Bxc4 Qe7 15. Qb3 Be6 16. Bxe6 Qxe6 17. Qxb7 Rfb8 18. Qxc7 Rxb2 19. Qxd6 Qxd6 20. Bxd6 Bxc3 21. Rab1 Rxa2 22. Rb7 Kg8 23. Rc1 Bg7 24. Rcc7 Rd2 25. Bg3 Rf8 26. Rxa7 Rdd8 27. Rab7 Rc8 28. Bd6 Rxc7 29. Rxc7 Rd8 30. Bg3 h5 31. Rb7 g5 32. Rb8 Rxb8 33. Bxb8 f5 34. f3 Kf7 35. Kf2 Ke6 36. Bc7 Kd5 37. Bd8 g4 38. hxg4 hxg4 39. f4 Ke4 40. Bb6 Bc3 41. Ke2 Bb2 42. Ba7 Bc3 43. Bc5 Bb2 44. Bb4 Bc1 45. Bc5 Bb2 46. Bb6 Bc3 47. Bc5 Ba5 48. Ba7 Bc7 49. g3 Bd6 50. Bb6 Bb4 51. Ba7 Ba3 52. Bb6 Bb2 53. Ba7 Bc3 1/2-1/2

[Event "GER-ch Net blitz qual3"]
[Site "Playchess.com INT"]
[Date "2020.03.21"]
[Round "2"]
[White "Emig, Nils"]
[Black "Schubert, Joachim"]
[Result "0-1"]
[WhiteElo "1832"]
[BlackElo "1881"]
[PlyCount "34"]
[EventDate "2020.03.21"]
[EventType "swiss (blitz)"]
[EventRounds "9"]
[EventCountry "GER"]
[SourceTitle "CBM 195 Extra"]
[Source "ChessBase"]
[SourceDate "2020.05.31"]
[SourceVersion "1"]
[SourceVersionDate "2020.05.31"]
[SourceQuality "1"]

1. e4 c5 2. Nf3 Nc6 3. d4 cxd4 4. Nxd4 Nf6 5. Nc3 d6 6. f3 a6 7. Be3 e6 8. Qd2 Bd7 9. 0-0-0 Qc7 10. g4 0-0-0 11. Kb1 Kb8 12. Be2 Rc8 13. Bd3 Ne5 14. Qf2 Nc4 15. Bxc4 Qxc4 16. Nb3 d5 17. g5 Ne8 0-1

[Event "GER-ch Net blitz qual3"]
[Site "Playchess.com INT"]
[Date "2020.03.21"]
[Round "8"]
[White "Radeke, Timothy"]
[Black "Emig, Nils"]
[Result "0-1"]
[WhiteElo "1143"]
[BlackElo "1832"]
[PlyCount "54"]
[EventDate "2020.03.21"]
[EventType "swiss (blitz)"]
[EventRounds "9"]
[EventCountry "GER"]
[SourceTitle "CBM 195 Extra"]
[Source "ChessBase"]
[SourceDate "2020.05.31"]
[SourceVersion "1"]
[SourceVersionDate "2020.05.31"]
[SourceQuality "1"]

1. e4 c5 2. Nf3 e6 3. d4 cxd4 4. Nxd4 Nc6 5. Nc3 Qc7 6. g3 Nf6 7. f4 Be7 8. Bg2 0-0 9. 0-0 Nxd4 10. Be3 Nc6 11. e5 Ne8 12. Nb5 Qb8 13. c4 a6 14. Bxc6 bxc6 15. Nd4 d6 16. exd6 Qxd6 17. a3 Nf6 18. b4 e5 19. fxe5 Qxe5 20. Nxc6 Qxe3+ 21. Kh1 Bb7 22. b5 axb5 23. cxb5 Bxc6+ 24. bxc6 Qe4+ 25. Kg1 Bc5+ 26. Rf2 Bxf2+ 27. Kxf2 Qxc6 0-1

[Event "GER-ch Net blitz qual2"]
[Site "Playchess.com INT"]
[Date "2020.03.16"]
[Round "3"]
[White "Emig, Nils"]
[Black "Noe, Christopher"]
[Result "0-1"]
[WhiteElo "1832"]
[BlackElo "2518"]
[PlyCount "42"]
[EventDate "2020.03.16"]
[EventType "swiss (blitz)"]
[EventRounds "9"]
[EventCountry "GER"]
[SourceTitle "CBM 195 Extra"]
[Source "ChessBase"]
[SourceDate "2020.05.31"]
[SourceVersion "1"]
[SourceVersionDate "2020.05.31"]
[SourceQuality "1"]

1. e4 Nf6 2. Nc3 d5 3. e5 Nfd7 4. d4 e6 5. f4 c5 6. Nf3 Nc6 7. Be3 a6 8. Qd2 b5 9. h3 b4 10. Ne2 a5 11. g4 Ba6 12. c3 Nb6 13. Qc2 bxc3 14. bxc3 Be7 15. f5 0-0 16. g5 exf5 17. Qxf5 Qc8 18. Qb1 Rb8 19. Qc1 Qf5 20. Bg2 Nc4 21. 0-0 Qd3 0-1

[Event "GER-ch Net blitz qual2"]
[Site "Playchess.com INT"]
[Date "2020.03.16"]
[Round "7"]
[White "Emig, Nils"]
[Black "Spiekermann, Thomas"]
[Result "1-0"]
[WhiteElo "1832"]
[BlackElo "1810"]
[PlyCount "91"]
[EventDate "2020.03.16"]
[EventType "swiss (blitz)"]
[EventRounds "9"]
[EventCountry "GER"]
[SourceTitle "CBM 195 Extra"]
[Source "ChessBase"]
[SourceDate "2020.05.31"]
[SourceVersion "1"]
[SourceVersionDate "2020.05.31"]
[SourceQuality "1"]

1. e4 c5 2. Nf3 Nc6 3. d4 cxd4 4. Nxd4 e5 5. Nb5 d6 6. N1c3 a6 7. Na3 Be7 8. Nc4 f5 9. Be3 Kf8 10. Bb6 Qd7 11. exf5 Nf6 12. Bd3 d5 13. Nd2 e4 14. Be2 Qxf5 15. 0-0 Kf7 16. f3 Qe6 17. fxe4 dxe4 18. Bc4 Qxc4 19. Nxc4 Be6 20. Ne3 Rhe8 21. Ncd5 Kg8 22. Nxf6+ Bxf6 23. Nd5 Bd8 24. Kh1 Kh8 25. c4 Ne5 26. b3 Nd3 27. Qh5 Bxb6 28. Nxb6 Rad8 29. h3 e3 30. Rfe1 Nxe1 31. Rxe1 Bg8 32. Qh4 e2 33. Rxe2 Rd1+ 34. Kh2 Rxe2 35. Nd5 Rdd2 36. Nf4 Bf7 37. Nxe2 Rxe2 38. Qd8+ Re8 39. Qd6 Bg6 40. c5 h6 41. Qxg6 Re2 42. Qg4 Rxa2 43. Qd7 Rc2 44. Qxb7 Rxc5 45. Qxa6 Rc2 46. b4 1-0

[Event "Rhein Main op-A 22nd"]
[Site "Bad Homburg"]
[Date "2019.06.19"]
[Round "1"]
[White "Mews, Bernhard"]
[Black "Emig, Nils"]
[Result "1-0"]
[WhiteElo "2061"]
[BlackElo "1784"]
[PlyCount "29"]
[EventDate "2019.06.19"]
[EventType "swiss"]
[EventRounds "9"]
[EventCountry "GER"]
[SourceTitle "EXT 2020"]
[Source "ChessBase"]
[SourceDate "2019.10.17"]
[SourceVersion "1"]
[SourceVersionDate "2019.10.17"]
[SourceQuality "1"]

1. d4 Nf6 2. Bf4 g6 3. Nc3 d6 4. e4 Bg7 5. Qd2 h6 6. h3 Nfd7 7. Nf3 Nc6 8. Be3 e5 9. Be2 Ne7 10. dxe5 Nxe5 11. Nxe5 dxe5 12. Qxd8+ Kxd8 13. 0-0-0+ Ke8 14. Nb5 Bd7 15. Nxc7+ 1-0

[Event "Hessen-chA"]
[Site "Frankfurt"]
[Date "2019.05.31"]
[Round "4"]
[White "Neidhardt, Helge"]
[Black "Emig, Nils"]
[Result "1/2-1/2"]
[WhiteElo "2094"]
[BlackElo "1784"]
[PlyCount "25"]
[EventDate "2019.05.30"]
[EventType "swiss"]
[EventRounds "7"]
[EventCountry "GER"]
[SourceTitle "EXT 2020"]
[Source "ChessBase"]
[SourceDate "2019.10.17"]
[SourceVersion "1"]
[SourceVersionDate "2019.10.17"]
[SourceQuality "1"]

1. d4 d5 2. c4 c6 3. Nf3 Nf6 4. e3 e6 5. Nc3 Bd6 6. Bd3 dxc4 7. Bxc4 Nbd7 8. 0-0 0-0 9. a4 e5 10. h3 exd4 11. exd4 Nb6 12. Ba2 Nbd5 13. Re1 1/2-1/2

[Event "Hofheim Spring op-B 7th"]
[Site "Hofheim"]
[Date "2019.04.24"]
[Round "3"]
[White "Emig, Nils"]
[Black "John, Volkmar"]
[Result "1-0"]
[WhiteElo "1812"]
[BlackElo "1624"]
[PlyCount "53"]
[EventDate "2019.04.23"]
[EventType "swiss"]
[EventRounds "9"]
[EventCountry "GER"]
[SourceTitle "CBM 190 Extra"]
[Source "ChessBase"]
[SourceDate "2019.07.15"]
[SourceVersion "1"]
[SourceVersionDate "2019.07.15"]
[SourceQuality "1"]

1. e4 c5 2. Nf3 d6 3. d4 cxd4 4. Nxd4 Nf6 5. Nc3 a6 6. Be3 e5 7. Nb3 Be6 8. Qd2 Be7 9. f3 0-0 10. 0-0-0 a5 11. a4 Qc8 12. Kb1 Bc4 13. g4 Bxf1 14. Rdxf1 Nc6 15. h4 Nb4 16. h5 Nd7 17. g5 Nc5 18. Nxc5 dxc5 19. g6 f5 20. Nd5 Qe6 21. Rfg1 f4 22. gxh7+ Kxh7 23. Qg2 Qf7 24. Qg6+ Kg8 25. h6 Nxd5 26. Qh7+ Kxh7 27. hxg7+ 1-0